Квиз о Доминици - Statistics

General Stats
  • This quiz has been taken 57 times
  • The average score is 7 of 13
Answer Stats
Опис Одговор % Correct
Море на које Доминика излази Карипско море
96%
Званичан језик Енглески
87%
Архипелаг чији је Доминика део Мали {Антили}
82%
Доминика и Никарагва су једине две државе које имају ову боју на застави Љубичасту
82%
Ово воће чини 39% извоза Банана
69%
Француска прекоморска територија јужно од Доминике Мартиник
58%
Главни град Розо
44%
Национална птица која се налази на застави Папагај
42%
Острво је подељено у 10 области које почињу на слово П Парохије
42%
Француска прекоморска територија северно од Доминике Гваделуп
18%
Кључајуће језеро у овој држави је други највећи _______ извор на свету Термални
16%
16% прихода ове државе чини продаја ___________ странцима Држављанства
11%
Велика популација ове врсте китова се може наћи у близини обала Доминике Уљешуре
4%
No matching quizzes found
Score Distribution
Percent of People with Each Score
Percentile by Number Answered
Your Score History
You have not taken this quiz